000 00796nam a2200217Ia 4500
003 GCL
008 140319s9999 xx 000 0 ara d
020 _a2022399977
040 _aGCL /
_cGCL
082 0 4 _aق
_b327.12
_bف م
100 1 _aفريد الفالوجى
245 1 0 _aالملازم اول دينا عمر :
_bالجاسوسة الأولى فى العالم التى جندها زوجها فجندت أولادها /
_cفريد الفالوجى
250 _aالاولى
260 _aالقاهرة :
_bأطلس للنشر والانتاج الاعلامى ،
_c2005
300 _a272 ص ؛
_c24 سم
650 0 4 _aالتخريب والتدمير
650 0 4 _aالجواسيس
650 0 4 _aالجاسوسية
650 0 4 _aالقصص الجاسوسية
942 _2ddc
_cBK
999 _c9334
_d9334